书目信息 |
| 题名: |
就教您这一招——灵
|
|
| 作者: | 彭月琴 , 白皋 主编 | |
| 分册: | 现代生活禁忌篇 | |
| 出版信息: | 上海 上海科学技术文献出版社 2006.07 |
|
| 页数: | 594页 | |
| 开本: | 21cm | |
| 丛书名: | ||
| 单 册: | ||
| 中图分类: | TS976.3 | |
| 科图分类: | ||
| 主题词: | 生活--sheng huo--禁忌--普及读物 , 家庭生活--jia ting sheng huo--基本知识 | |
| 电子资源: | ||
| ISBN: | 7-5439-2878-7 | |
| 000 | 01026nam0 2200277 450 | |
| 001 | 012008971863 | |
| 005 | 20080419164113.34 | |
| 010 | @a7-5439-2878-7@dCNY35.00 | |
| 100 | @a20080419d2006 em y0chiy0120 ea | |
| 101 | 0 | @achi |
| 102 | @aCN@b310000 | |
| 105 | @ay z 000yy | |
| 106 | @ar | |
| 200 | 1 | @a就教您这一招——灵@Ajiu jiao nin zhe yi zhao——ling@i现代生活禁忌篇@f彭月琴, 白皋主编@Fpeng yue qin,bai gao zhu bian |
| 210 | @a上海@c上海科学技术文献出版社@d2006.07 | |
| 215 | @a594页@d21cm | |
| 300 | @a现代家庭生活必备 | |
| 330 | @a本书围绕“幸福生活”这个主题,详细介绍了现代生活中各方面的禁忌资料与信息,内容涉及现代饮食、现代保健、疾病防治、老年生活与健康、恋爱与婚姻等。 | |
| 517 | 1 | @a现代生活禁忌篇@Axian dai sheng huo jin ji pian |
| 606 | 0 | @a生活@Asheng huo@x禁忌@j普及读物 |
| 606 | 0 | @a家庭生活@Ajia ting sheng huo@x基本知识 |
| 690 | @aTS976.3@v4 | |
| 701 | 0 | @a彭月琴@Apeng yue qin@4主编 |
| 701 | 0 | @a白皋@Abai gao@4主编 |
| 801 | 0 | @aCN@bQSSK@c20080419 |
| 905 | @b294951-53@dTS976.3@eP585@f3 | |
| 就教您这一招——灵.现代生活禁忌篇/彭月琴, 白皋主编.-上海:上海科学技术文献出版社,2006.07 |
| 594页;21cm |
| 现代家庭生活必备 |
| ISBN 7-5439-2878-7:CNY35.00 |
| 本书围绕“幸福生活”这个主题,详细介绍了现代生活中各方面的禁忌资料与信息,内容涉及现代饮食、现代保健、疾病防治、老年生活与健康、恋爱与婚姻等。 |
| ● |
| 相关链接 |
|
|
|
正题名:就教您这一招——灵
索取号:TS976.3/P585
 
预约/预借
| 序号 | 登录号 | 条形码 | 馆藏地/架位号 | 状态 | 备注 |
| 1 | 294951 | 202949514 | 自科库501/ [索取号:TS976.3/P585] | 在馆 | |
| 2 | 294952 | 202949523 | 自科库501/501自科库 46排5列5层/ [索取号:TS976.3/P585] | 在馆 | |
| 3 | 294953 | 202949532 | 自科库501/501自科库 46排5列5层/ [索取号:TS976.3/P585] | 在馆 |